Score 0/11 Timer 03:00
0 Plays Today
Chracter Actor/Actress % Correct
FrankFrank Hvam
99.1%
CasperCasper Christensen
95.3%
MiaMia Lyhne
89.6%
CarøeMichael Carøe
76.4%
HjortshøjLars Hjortshøj
75.5%
ClaireClaire Ross-Brown
50.9%
IbenIben Hjelje
24.5%
Pivert Jacob Weble
10.4%
SusanDya Josefine Hauch
3.8%
BodilTrine Juul-Andersen
2.8%
Bo (from Klovn: the movie)Marcuz Jess Petersen
1.9%
Come Together.
Have Fun.
All Virtual.
We all need to come together. Play Sporcle's virtual live trivia to have fun, connect with people, and get your trivia on. Join a live hosted trivia game for your favorite pub trivia experience done virtually. If a virtual private party is more your thing, go here for details.

You're not logged in!

Compare scores with friends on all Sporcle quizzes.
OR
Log In

Sporcle TV

Today on Sporcle TV


Watch our educational content, quiz creation guides, and fun videos on Sporcle TV.

Show Comments

Extras

Top Quizzes Today


Score Distribution

Paid Content

Your Account Isn't Verified!

In order to create a playlist on Sporcle, you need to verify the email address you used during registration. Go to your Sporcle Settings to finish the process.

Report this User

Report this user for behavior that violates our Community Guidelines.

Details: